[Event "Outaouais-ch Reserves"]
[Site "Gatineau"]
[Date "2018.05.01"]
[Round "5"]
[White "Yuan, Eric"]
[Black "Chen, Annie"]
[Result "1-0"]
[WhiteElo "961"]
[BlackElo "1034"]
[PlyCount "42"]
[EventDate "2018.04.03"]
[EventType "swiss"]
[EventRounds "7"]
[EventCountry "CAN"]
[SourceTitle "EXT 2022"]
[Source "ChessBase"]
[SourceDate "2021.10.06"]
[SourceVersion "1"]
[SourceVersionDate "2021.10.06"]
[SourceQuality "1"]

1. e4 e6 2. d4 Nc6 3. Nf3 b6 4. Nc3 Nge7 5. Bd3 Ng6 6. 0-0 Bd6 7. Re1 Nf4 8. Bxf4 Bxf4 9. d5 Nb4 10. a3 Nxd3 11. cxd3 Ba6 12. Ne2 Bd6 13. Ng3 Be7 14. dxe6 dxe6 15. Qa4+ b5 16. Qxa6 0-0 17. Qxb5 Bf6 18. e5 Rb8 19. Qc5 Be7 20. Qxa7 h6 21. Red1 Rb7 1-0

[Event "Outaouais-ch Reserves"]
[Site "Gatineau"]
[Date "2018.04.10"]
[Round "2"]
[White "Arcand, Pierre"]
[Black "Yuan, Eric"]
[Result "1-0"]
[WhiteElo "1173"]
[BlackElo "961"]
[PlyCount "97"]
[EventDate "2018.04.03"]
[EventType "swiss"]
[EventRounds "7"]
[EventCountry "CAN"]
[SourceTitle "EXT 2022"]
[Source "ChessBase"]
[SourceDate "2021.10.06"]
[SourceVersion "1"]
[SourceVersionDate "2021.10.06"]
[SourceQuality "1"]

1. e4 e5 2. Nf3 Nc6 3. Nc3 Nf6 4. d3 h6 5. Be2 Bc5 6. 0-0 d6 7. h3 Be6 8. Nh2 0-0 9. Bg4 Nd4 10. Bxe6 fxe6 11. Ne2 Nc6 12. b3 a6 13. Bb2 d5 14. exd5 exd5 15. Ng3 Bd4 16. Bxd4 Nxd4 17. Ne2 Nf5 18. Nf3 e4 19. Nfd4 Nxd4 20. Nxd4 c5 21. Ne6 Qd6 22. Nxf8 Rxf8 23. Re1 exd3 24. Qxd3 Ne4 25. Rxe4 Qf6 26. Re2 Qxa1+ 27. Kh2 Qf6 28. Qxd5+ Kh8 29. Qxb7 Qf4+ 30. g3 Qd6 31. Qe4 Qd7 32. Kg2 Re8 33. Qxe8+ Qxe8 34. Rxe8+ Kh7 35. Ra8 Kg6 36. Rxa6+ Kh7 37. Rc6 Kh8 38. Rxc5 Kh7 39. Rd5 Kg6 40. c4 Kf6 41. c5 Ke6 42. Rd1 Kf6 43. c6 Kg6 44. c7 Kh7 45. c8Q Kg6 46. Qe6+ Kh7 47. Qf5+ g6 48. Qf7+ Kh8 49. Rd8# 1-0

[Event "Outaouais-ch Reserves"]
[Site "Gatineau"]
[Date "2018.04.03"]
[Round "1"]
[White "Ramesh, Sanjay"]
[Black "Yuan, Eric"]
[Result "1-0"]
[WhiteElo "1400"]
[BlackElo "961"]
[PlyCount "65"]
[EventDate "2018.04.03"]
[EventType "swiss"]
[EventRounds "7"]
[EventCountry "CAN"]
[SourceTitle "EXT 2022"]
[Source "ChessBase"]
[SourceDate "2021.10.06"]
[SourceVersion "1"]
[SourceVersionDate "2021.10.06"]
[SourceQuality "1"]

1. d4 d5 2. c4 dxc4 3. e3 b5 4. a4 c6 5. axb5 cxb5 6. Qf3 Bd7 7. Qxa8 Nc6 8. Qxd8+ Nxd8 9. Rxa7 Nc6 10. Ra8+ Nd8 11. Bd2 e6 12. Ba5 Be7 13. Bxd8 Bxd8 14. Nf3 Bc6 15. Ra6 Ne7 16. Be2 0-0 17. 0-0 Bb7 18. Ra1 Bxf3 19. Bxf3 Nf5 20. Nc3 Nd6 21. Ra8 h6 22. Rb8 Nf5 23. Ra1 Ne7 24. Raa8 Nc6 25. Bxc6 Kh7 26. Rxd8 Rxd8 27. Rxd8 Kg6 28. Rd6 b4 29. Be4+ f5 30. Rxe6+ Kh7 31. Bxf5+ Kg8 32. Bg6 bxc3 33. Re8# 1-0

[Event "Gatineau Pere Noel CEH-B"]
[Site "Gatineau"]
[Date "2018.01.16"]
[Round "5"]
[White "Simard, Paul"]
[Black "Yuan, Eric"]
[Result "1-0"]
[WhiteElo "1196"]
[BlackElo "964"]
[PlyCount "69"]
[EventDate "2017.12.05"]
[EventType "swiss"]
[EventRounds "6"]
[EventCountry "CAN"]
[SourceTitle "EXT 2022"]
[Source "ChessBase"]
[SourceDate "2021.10.06"]
[SourceVersion "1"]
[SourceVersionDate "2021.10.06"]
[SourceQuality "1"]

1. d4 d5 2. c4 dxc4 3. Nf3 Nc6 4. Nc3 Nf6 5. e4 b5 6. Nxb5 Ba6 7. Bxc4 Bxb5 8. Bxb5 Qd7 9. d5 Qd6 10. Bxc6+ Nd7 11. Bxa8 Qb4+ 12. Nd2 e5 13. 0-0 Bd6 14. Bc6 0-0 15. Bxd7 Rd8 16. Bf5 Qd4 17. Nf3 Qxd1 18. Rxd1 g6 19. Bh3 Bf8 20. Nxe5 c5 21. Nc6 Ra8 22. Be3 Bg7 23. Rab1 Bf8 24. g3 a6 25. Rdc1 Re8 26. Bxc5 Bxc5 27. Rxc5 Rxe4 28. b4 f5 29. d6 Kf7 30. d7 Kf8 31. d8Q+ Re8 32. Qf6+ Kg8 33. Ne7+ Rxe7 34. Rc8+ Re8 35. Rxe8# 1-0